000 01063cam a22002894a 4500
020 _a0072351004
020 _a9780072351002
020 _a0071123067
020 _a9780071123068
020 _a0071232079
020 _a9780071232074
040 _cDLC
082 0 0 _a658 MCG 2003 A056 Or.
100 _aBowersox, Donald J.
245 1 0 _aSupply chain logistics management /
300 _axxii, 656 pages :
_billustrations ;
_c27 cm
490 1 _aMcGraw-Hill/Irwin series operations and decision sciences
650 0 _aBusiness logistics.
650 4 _aLog©Ưstica en los negocios
700 1 _aCloss, David J.
700 1 _aCooper, M. Bixby.
856 4 1 _uhttp://catdir.loc.gov/catdir/toc/mh021/2001054667.html
856 4 1 _uhttp://digitool.hbz-nrw.de:1801/webclient/DeliveryManager?application=DIGITOOL-3&owner=resourcediscovery&custom_att_2=simple_viewer&user=GUEST&pid=1565596
856 4 2 _uhttp://catdir.loc.gov/catdir/description/mh021/2001054667.html
856 4 8 _uhttp://library1.nida.ac.th/mm_data/thumbnail/127779.jpg
942 _cEK
999 _c15571
_d15571